000 01005nam a22003137a 4500
003 CHAP
005 20220329133941.0
008 971013s1970 r 00010 d
010 _a13135
011 _a14107
035 _a18180
040 _cCHAP
082 _a382
_bH4Y
100 0 0 _aHeller, H. Robert.
_953449
245 _aComercio internacional
_b: teoría y evidencia empírica
260 _aMadrid :
_bTecnos,
_c1970
300 _a203 p.
_b: gráfs.
490 _aBiblioteca Tecnos de ciencias económicas
590 _aBATCH-UPD
_b10
_c20130109
_lUCH01
_h2337
590 _aBATCH-UPD
_b10
_c20130110
_lUCH01
_h1333
590 _aBATCH-UPD
_b10
_c20130410
_lUCH01
_h0837
590 _aBATCH-UPD
_b10
_c20130914
_lUCH01
_h1015
590 _aCONVERSION
_b10
_c20130109
_lUCH01
_h1309
650 1 4 _aComercio internacional.
_925641
830 0 _aBiblioteca Tecnos de ciencias económicas
_912473
901 _aBK
942 _cLIBRO
949 _a382 H4Y
_bBC
_cLIBRO
_d33724000441358
_eLIBRO
_h1132
_i18180
_si
999 _c13135
_d13135